| 000 | 00372nam a22001337a 4500 | ||
|---|---|---|---|
| 082 |
_a954.5 _bPRI _cL-28, P-43 |
||
| 100 |
_aL. F. Loveday Prior _946455 |
||
| 245 |
_aPunjab Prelude _cL. F. Loveday Prior |
||
| 260 |
_aLondon _bJohn Murray (Publishers) Ltd |
||
| 300 | _axii, 218 P, : | ||
| 526 |
_a0 _b0 _c0 _d954_500000000000000_PRI |
||
| 650 |
_aMCE _9379 |
||
| 942 |
_2ddc _cBK |
||
| 999 |
_c549796 _d549796 |
||